| 000 | 01409nam2a2200277 i 4500 | ||
|---|---|---|---|
| 001 | RU\NLR\BIBL_A\011467580 | ||
| 005 | 20240729075855.0 | ||
| 010 |
_a9785960601580 _bт. 3300 |
||
| 021 |
_aRU _b2017-60591 _94292 |
||
| 035 | _a(RuMoRGB)008996195 | ||
| 035 | _a(NLR Aleph) 011467580 | ||
| 090 |
_a11837325 _c11837325 |
||
| 100 | _a20170907d2017 km y0rusy50 ca | ||
| 101 | 0 | _arus | |
| 102 | _aRU | ||
| 105 | _ay|||ea||000zc | ||
| 200 | 1 | _aП - Я | |
| 210 | _d2017 | ||
| 215 | _a519, [1] с. | ||
| 320 | _aБиблиогр. в конце слов. ст. и в подстроч. примеч. | ||
| 461 | 0 |
_1001RU\NLR\BIBL_A\011211776 _12001#$aИсторики России конца XIX - начала XXI века$eбиобиблиографический словарь$e[в 3 т.]$fА.А. Чернобаев$gМеждунар. ин-т мировых цивилизаций [и др.]$vТ. 3 _1700#1$aЧернобаев$bА. А.$f1940-$gАнатолий Александрович$3RU\NLR\AUTH\7715118 _911976656 _aЧернобаев, А. А. (1940-) _cМосква _d2016 _fА.А. Чернобаев _nСобрание _oбиобиблиографический словарь : [в 3 т.] _tИсторики России конца XIX - начала XXI века _y9785960601436 _vТ. 3 |
|
| 942 | _cBOOK | ||
| 980 | _aNBR | ||